| 000 | 00569nam a2200229Ia 4500 | ||
|---|---|---|---|
| 003 | OSt | ||
| 005 | 20220924143711.0 | ||
| 006 | a|||||r|||| 00| 0 | ||
| 007 | ta | ||
| 008 | 220923b |||||||| |||| 00| 0 urd d | ||
| 024 | _a309635 | ||
| 037 | _cTextual | ||
| 040 |
_aARTS _cARTS _burd |
||
| 041 |
_2urd _aurd |
||
| 082 | _aO168v2,N, H7 | ||
| 100 | _aQadari Hamid Hasan | ||
| 245 | 0 | _aTareekh wa tanqeed | |
| 260 | _c1947 | ||
| 650 | _aURDU LITERATURE | ||
| 942 |
_hO168v2,N, H7 _cTEXL _2CC |
||
| 999 |
_c455441 _d455441 |
||